000 00633nam a2200181Ia 4500
008 151018s9999 xx 000 0 und d
082 _bRBASDV34447
_a891.463
100 _aसंजय सोनवणी
245 _aथेंब थेंब मृत्यू
250 _b1
260 _bपपीलॉन पब्लिशिंग हाउस पुणे
_c2001
300 _a120
600 _aसंजय सोनवणी
630 _aथेंब थेंब मृत्यू
700 _aसंजय सोनवणी
730 _aथेंब थेंब मृत्यू
942 _cBOOK
999 _c1033937
_d1033934